Cien fábulas / (Record no. 161886)

MARC details
000 -LEADER
campo de control de longitud fija 00999nam a22002295i 4500
001 - NÚMERO DE CONTROL
campo de control 161886
003 - IDENTIFICADOR DE NÚMERO DE CONTROL
campo de control ES-MaACL
005 - FECHA Y HORA DE LA ÚLTIMA TRANSACCIÓN
campo de control 20230907165946.0
008 - DATOS DE LONGITUD FIJA--INFORMACIÓN GENERAL
campo de control de longitud fija 990201s1898 sp a |||| | spa d
100 1# - ENTRADA PRINCIPAL--NOMBRE DE PERSONA
Nombre de persona Pérez Jiménez, Nicolás.
9 (RLIN) 90954
245 10 - MENCIÓN DEL TÍTULO
Título Cien fábulas /
Mención de responsabilidad, etc. de Nicolás Pérez Jiménez ; con un prólogo de Víctor Balaguer.
260 ## - PUBLICACIÓN, DISTRIBUCIÓN, ETC.
Lugar de publicación, distribución, etc. Barcelona :
Nombre del editor, distribuidor, etc. [s.n.],
Fecha de publicación, distribución, etc. 1898] (
Fabricante Estab. Tipolitográfico Ed. de Ramón Molinas)
300 ## - DESCRIPCIÓN FÍSICA
Extensión 229 p., [1] h. de lám. :
Otras características físicas il. ;
Dimensiones 19 cm.
530 ## - NOTA DISPONIBLE DE FORMULARIO FÍSICO ADICIONAL
Nota de formato físico adicional disponible Disponible en formato digital.
599 ## - NOTA A LAS ILUSTRACIONES
NOTA A LAS ILUSTRACIONES Lám. de retrato con facsímil de la firma del autor.
599 ## - NOTA A LAS ILUSTRACIONES
NOTA A LAS ILUSTRACIONES La h. de lám.: retrato del autor.
650 #4 - PUNTO DE ACCESO ADICIONAL DE MATERIA--TÉRMINO DE MATERIA
Término de materia o nombre geográfico como elemento de entrada Fábulas-
Subdivisión geográfica España.
9 (RLIN) 12712
700 1# - ENTRADA AGREGADA--NOMBRE PERSONAL
Nombre de persona Balaguer, Víctor,
Fechas asociadas al nombre 1824-1901
9 (RLIN) 24806
852 ## - LOCALIZACIÓN
Ubicación ES-MaACL
Número de control de estantería T-769-F-2
Nota libre - Enc. hol. conservando cub. original
-- - Enc. en un vol. facticio
856 ## - LOCALIZACIÓN Y ACCESO ELECTRÓNICOS
Identificador Uniforme de Recursos <a href="http://bdh-rd.bne.es/viewer.vm?id=0000238667&page=1 ">http://bdh-rd.bne.es/viewer.vm?id=0000238667&page=1 </a>
Nota pública Biblioteca Digital Hispánica
Holdings
Estatus retirado Estado de pérdida Estado de daño No para préstamo Colección Biblioteca de origen Biblioteca actual Ubicación en estantería Fecha de adquisición Total de préstamos Signatura topográfica completa Código de barras Visto por última vez Precio de reemplazo Tipo de ítem Koha
        Colección de folletos Biblioteca del Ateneo de Madrid Biblioteca del Ateneo de Madrid Depósito folletos 17/01/2008   T-769-F-2 1169577 23/02/2023 23/02/2023 Folleto